| 000 | 01072nam a22002537a 4500 | ||
|---|---|---|---|
| 999 |
_c6545 _d6545 |
||
| 008 | 170404b xxu||||| |||| 00| 0 eng d | ||
| 022 | _a0022-3514 | ||
| 082 | _aDPer 155.205 J82 Feb-Apr 2016 v. 110, n. 2-4 | ||
| 100 |
_940897 _aChen, Sylvia Xiaohua. |
||
| 245 |
_aConceptualizing psychological processes in response to globalization: _bcomponents, antecedents, and consequences of global orientation/ _cSylvia Xiaohua Chen [and seven others]. |
||
| 260 |
_aWashington DC: _bAmerican Psychological Association, _c©Feb-Apr 2016. |
||
| 300 |
_av110 n2, pages 302-331; _c11 cm. |
||
| 500 | _aJournal of personality and social psychology. | ||
| 650 | 0 |
_919775 _aCulture |
|
| 700 |
_919777 _aHui, Bryant P. H. _eAuthor |
||
| 700 |
_919778 _aGuan, Yanjun _eAuthor |
||
| 700 |
_919779 _aTang, Willie C. S. _eAuthor |
||
| 700 |
_919780 _aLam, Ben C. P. _eAuthor |
||
| 700 |
_919781 _aNg, Jacky C. K. _eAuthor |
||
| 700 |
_919782 _aMak, Winnie W. S. _eAuthor |
||
| 700 |
_919783 _aBuchtel, Emma E. _eAuthor |
||
| 700 |
_919784 _aLau, Victor C.Y. _eAuthor |
||
| 942 |
_2ddc _cPER |
||